Physico-chemical studies on the methacycline-tris[hydroxymethyl]-aminomethane system

Elmentve itt :
Bibliográfiai részletek
Szerzők: Szepesy László G.
Kahán Ágostné László Ilona
Dokumentumtípus: Cikk
Megjelent: 1975
Sorozat:Acta physica et chemica 21 No. 3-4
Kulcsszavak:Természettudomány, Kémia, Fizika, Biológia
Online Access:http://acta.bibl.u-szeged.hu/23962
LEADER 00752nab a2200193 i 4500
001 acta23962
005 20210601150109.0
008 161017s1975 hu o 0|| eng d
022 |a 0001-6721 
040 |a SZTE Egyetemi Kiadványok Repozitórium  |b hun 
041 |a eng 
100 1 |a Szepesy László G. 
245 1 0 |a Physico-chemical studies on the methacycline-tris[hydroxymethyl]-aminomethane system  |h [elektronikus dokumentum] /  |c  Szepesy László G. 
260 |c 1975 
300 |a 129-135 
490 0 |a Acta physica et chemica  |v 21 No. 3-4 
695 |a Természettudomány, Kémia, Fizika, Biológia 
700 0 2 |a Kahán Ágostné László Ilona  |e aut 
856 4 0 |u http://acta.bibl.u-szeged.hu/23962/1/phys_chem_021_fasc_003_004_129-135.pdf  |z Dokumentum-elérés